THE WORLD OF YOGA (Record no. 7954)

MARC details
000 -LEADER
fixed length control field 00288nam a2200133Ia 4500
008 - FIXED-LENGTH DATA ELEMENTS--GENERAL INFORMATION
fixed length control field 260604s9999 xx 000 0 und d
020 ## - INTERNATIONAL STANDARD BOOK NUMBER
International Standard Book Number 9789390157167
082 ## - DEWEY DECIMAL CLASSIFICATION NUMBER
Classification number 294 SIN
100 ## - MAIN ENTRY--PERSONAL NAME
Personal name SINGH
9 (RLIN) 35192
245 #0 - TITLE STATEMENT
Title THE WORLD OF YOGA
260 ## - PUBLICATION, DISTRIBUTION, ETC.
Name of publisher, distributor, etc. DPS
500 ## - GENERAL NOTE
General note RELIGIOUS
942 ## - ADDED ENTRY ELEMENTS (KOHA)
Koha item type Book
Holdings
Date last seen Total Checkouts Full call number Barcode Cost, replacement price Price effective from Koha item type Lost status Damaged status Not for loan Withdrawn status Home library Current library Shelving location Date acquired Cost, normal purchase price BOOK NO
06/04/2026   294 SIN 003572 4995.00 06/04/2026 Book         Indian Institute of Management Visakhapatnam Indian Institute of Management Visakhapatnam   06/04/2026 4995.00 SIN

Copyright © 2024 Indian Institute of Management Visakhapatnam
Koha v23.05